Music Quiz

Random Music or Sporcle Quiz

Sporcle Categorical Songs Quiz Stats

 Plays Quiz Updated Oct 30, 2017

Challenge
Share
Tweet
Embed
Score 0/45 Timer 06:00
6 Plays Today
Category Missing Word % Correct
Geography
U.S. States
Alabama
98.2%
Just for Fun
This or That
Black
96.6%
Just for Fun
This or That
Go
96.6%
Just for Fun
This or That
Another
93.6%
Miscellaneous
Numbers
One
93.5%
Geography
U.S. States
California
92.8%
Science
Astronomy
Moon
92%
Gaming
Card Suits
Hearts
91.7%
Music
Beatles Band Members
Paul
91.1%
Television
NBC Sitcoms
Friends
91%
Music
Beatles Band Members
George
91%
Miscellaneous
Numbers
Eight
90.8%
Gaming
Card Suits
Diamonds
90.1%
Science
Astronomy
Eclipse
89.8%
Movies
Best Picture Oscar Nominees
Babe
87.4%
Religion
Planet Names Based In Mythology
Mars
86.9%
Music
Beatles Band Members
John
86.6%
Gaming
Card Suits
Clubs
85%
Geography
U.S. States
Georgia
82.4%
Holiday
St. Patrick's Day
Green
82.1%
History
Inventions
Pinball
79.9%
Entertainment
Animated Movies
Up
78.7%
Religion
Planet Names Based In Mythology
Jupiter
78.7%
Category Missing Word % Correct
Television
NBC Sitcoms
Taxi
75.8%
Miscellaneous
Numbers
Five
75.1%
Sports
American Football Terms
Pocket
74.4%
Science
Astronomy
Sun
70%
Language
Same Word: Nationality & Language
French
69.8%
Language
Same Word: Nationality & Language
Italian
69.6%
Holiday
St. Patrick's Day
Irish
67.5%
Sports
American Football Terms
Blitz
66.3%
Television
NBC Sitcoms
Scrubs
64.3%
Entertainment
Animated Movies
Cars
63.1%
History
Inventions
Elevator
62.8%
Language
Same Word: Nationality & Language
Japanese
60.2%
History
Inventions
Bicycle
58.1%
Religion
Planet Names Based In Mythology
Mercury
57.6%
Literature
Shakespeare Characters
Romeo
56.3%
Holiday
St. Patrick's Day
Clover
54%
Movies
Best Picture Oscar Nominees
Crash
50.1%
Entertainment
Animated Movies
Brave
44.9%
Literature
Shakespeare Characters
Macbeth
22.3%
Literature
Shakespeare Characters
Ophelia
19%
Movies
Best Picture Oscar Nominees
Lincoln
18.2%
Sports
American Football Terms
Yard
10%

You're not logged in!

Compare scores with friends on all Sporcle quizzes.
OR
Log In

You Might Also Like...

Show Comments

Extras

Top Quizzes Today


Score Distribution

Your Account Isn't Verified!

In order to create a playlist on Sporcle, you need to verify the email address you used during registration. Go to your Sporcle Settings to finish the process.

Report this User

Report this user for behavior that violates our Community Guidelines.

Details: